Văn học nước ngoài Foreign literature review
Đổi tên thành tạp chí Nhà văn và tác phẩm
Đã lưu trong:
| 主要作者: | |
|---|---|
| 格式: | 圖書 |
| 語言: | Undetermined |
| 出版: |
Hà Nội
|
| 主題: | |
| 在線閱讀: | http://lrc.tdmu.edu.vn/opac/search/detail.asp?aID=2&ID=6834 |
| 標簽: |
添加標簽
沒有標簽, 成為第一個標記此記錄!
|
| Thư viện lưu trữ: | Trung tâm Học liệu Trường Đại học Thủ Dầu Một |
|---|
| LEADER | 00670nam a2200181Ia 4500 | ||
|---|---|---|---|
| 001 | TDMU_6834 | ||
| 008 | 210410s9999 xx 000 0 und d | ||
| 082 | |a NULL | ||
| 100 | |a Hội Nhà văn Việt Nam | ||
| 245 | 0 | |a Văn học nước ngoài | |
| 245 | 0 | |b Foreign literature review | |
| 245 | 0 | |c Hội Nhà văn Việt Nam | |
| 260 | |a Hà Nội | ||
| 300 | |a 180tr | ||
| 520 | |a Đổi tên thành tạp chí Nhà văn và tác phẩm | ||
| 650 | |a Tạp chí Văn học nước ngoài | ||
| 856 | |u http://lrc.tdmu.edu.vn/opac/search/detail.asp?aID=2&ID=6834 | ||
| 980 | |a Trung tâm Học liệu Trường Đại học Thủ Dầu Một | ||